Statistiques concernant Avions de chasse Dassault Aviation

Cliquez ici pour prendre le quiz!

Statistiques générales

  • Ce quiz a été pris 317 fois
  • Le résultat moyen est 12 sur 24

Statistiques - réponses

Réponse% Correct
Alpha Jet
73%
Mirage IV
66%
Rafale M
66%
Mirage III
64%
Mirage 4000
59%
Super étendard
59%
Mirage 2000-5
58%
Rafale B
57%
Mirage F1
56%
Ouragan
56%
Rafale C
56%
Mirage 2000
53%
Jaguar
51%
Mirage 2000 D
46%
Rafale A
46%
Mirage 2000 C
45%
Mystère II
45%
Mirage 2000 B
43%
Mystère IV
41%
Mirage 2000 N
39%
Etendard IV
36%
Mirage G
20%
Rafale C01
16%
Super Mystère B2
14%

Distribution des résultats

Percentile par nombre de réponses

% des personnes avec chaque résultat

Votre développement - résultats

Vous n’avez pas pris ce quiz